00242nam a22000977a 4500008004100000082002000041245004000061260001400101300000900115440002000124230704b xxu||||| |||| 00| 0 eng d a362.1bWHO 2003 aBulletinbWorld Health Organization bWHOc2003 a156p n2v81x02512432